banner-ar

الولاء المزدوج الذى تفرضة الصهيونية واسرائيل على اليهود فى ضوء القانون الدولى العام (هدية من الاديب عبدالفتاح الجمل) / (Record no. 42689)

MARC details
000 -الفاتح
حقل البيانات ثابتة الطول 00760nam a2200205Ia 4500
008 - عناصر البيانات ثابتة الطول - معلومات عامة
حقل البيانات ثابتة الطول 140319s9999 xx 000 0 ara d
040 ## - مصدر الفهرسة
وكالة الفهرسة الأصلية GCL /
وكالة النسخ GCL
082 04 - رقم تصنيف ديوى العشرى
رقم التصنيف 341.8
رقم المادة م و
100 1# - المدخل الرئيسى - إسم شخصى
الإسم الشخصى ماليون , و . ن
245 10 - بيان العنوان
العنوان الولاء المزدوج الذى تفرضة الصهيونية واسرائيل على اليهود فى ضوء القانون الدولى العام (هدية من الاديب عبدالفتاح الجمل) /
بيان المسئوليه,etc ماليون , و . ن
700 1# - المدخل الاضافى - اسم شخصى
الإسم الشخصى على محمد على
700 1# - المدخل الاضافى - اسم شخصى
الإسم الشخصى فؤاد افرام البستانى
300 ## - الوصف المادى
التعداد 201 ص
490 ## - بيان السلسلة
عنوان السلسلة
650 04 - المدخل الاضافى بالموضوع-مصطلح موضوعى
مصطلح موضوعي القانون الدولى
650 04 - المدخل الاضافى بالموضوع-مصطلح موضوعى
مصطلح موضوعي اسرائيل
650 04 - المدخل الاضافى بالموضوع-مصطلح موضوعى
مصطلح موضوعي المجتمع الاسرائيلى
942 ## - عناصر المدخل الإضافي( كوها)
مصدر التصنيف او مخطط الترفيف Dewey Decimal Classification
Koha [default] item type كتاب
Holdings
حالة التراجع حالة الفقد حالة تلف ليس للاعارة المكان المؤقت الموقع الحالى تاريخ الاكتساب اجمالي اﻻعارات رقم الطلب الباركود تاريخ اخر مشاهدة تاريخ تفعيل السعر نوع وعاء كوها
        مكتبة القاهرة الكبرى مكتبة القاهرة الكبرى 03/26/2014   341.8\م و 103155 03/26/2014 03/26/2014 كتاب

Powered By

EGPV